Statistics for Returning Big Brother Canada Houseguests

Click here to take the quiz!

General Stats

  • This quiz has been taken 2 times
  • The average score is 5 of 23

Answer Stats

HintAnswer% Correct
Big Brother Canada 5Ika Wong
100%
Big Brother Canada 5Kevin Martin
100%
Big Brother Canada 5Bruno Ielo
50%
Big Brother Canada 5Cassandra Shahinfar
50%
Big Brother Canada 5Dallas Cormier
50%
Big Brother Canada 5Gary Levy
50%
Big Brother Canada 5Neda Kalantar
50%
Big Brother Canada 5Sindy Nguyen
50%
WendysAnthony Douglas
0%
WendysBreydon White
0%
WendysDane Rupert
0%
WendysGodfrey Mangwiza
0%
WendysJedson Tavernier
0%
WendysJillian MacLaughlin
0%
WendysJon Pardy
0%
WendysKaren Singbell
0%
WendysNick Paquette
0%
WendysParas Atashnak
0%
WendysPhil Paquette
0%
WendysSabrina Abbate
0%
WendysSarah Hanlon
0%
WendysTychon Carter-Newman
0%
WendysVictoria Woghiren
0%

Score Distribution

Percentile by Number Answered

Percent of People with Each Score

Your Score History

You have not taken this quiz